Методы оптимизации процессов управления воздушным движением

Manylion Llyfryddiaeth
Prif Awdur: Крыжановский Г. А. Георгий Алексеевич
Awduron Eraill: Солодухин В. А. Виктор Александрович
Iaith:Rwseg
Cyhoeddwyd: Москва, Транспорт, 1978
Pynciau:
Fformat: MixedMaterials Llyfr
KOHA link:https://koha.lib.tpu.ru/cgi-bin/koha/opac-detail.pl?biblionumber=81120

MARC

LEADER 00000nam0a2200000 4500
001 81120
005 20231031094959.0
035 |a (RuTPU)RU\TPU\book\87216 
090 |a 81120 
100 |a 20050916d1978 km y0rusy50 ca 
101 0 |a rus 
102 |a RU 
105 |a a z 001zy 
200 1 |a Методы оптимизации процессов управления воздушным движением  |f Г. А. Крыжановский, В. А. Солодухин 
210 |a Москва  |c Транспорт  |d 1978 
215 |a 152 с.  |c ил. 
320 |a Библиогр.: с. 144-150 
610 1 |a воздушный флот 
610 1 |a воздушное движение 
610 1 |a диспетчеризация 
675 |a 656.7.052:658.514  |v 3 
700 1 |a Крыжановский  |b Г. А.  |g Георгий Алексеевич 
701 1 |a Солодухин  |b В. А.  |g Виктор Александрович 
801 1 |a RU  |b 63413507  |c 20050916  |g PSBO 
801 2 |a RU  |b 63413507  |c 20160408  |g PSBO 
942 |c BK